|
|
แสดงรายละเอียดบรรณานุกรม |
|
|
Brief Record
: Get Marc (ISO 2709)
: E-mail record
: |
|
|
|
| LEADER 00000nam 2200000uu 4500 | |||
| 001 208712 | |||
| 003 ULIBM | |||
| 008 121116s2553||||th 000 0 tha d | |||
| 020 ^a9789742318024 | |||
| 040 ^acl | |||
| 041 0 ^atha | |||
| 050 4 ^aQA276^bป242ท 2553 | |||
| 100 0 ^aประชุม สุวัตถี | |||
| 245 10 ^aทฤษฎีการอนุมานเชิงสถิติ /^cประชุม สุวัตถี | |||
| 250 ^aพิมพ์ปรับปรุงแก้ไขครั้งที่ 3 | |||
| 260 ^aกรุงเทพฯ :^bโครงการส่งเสริมและพัฒนาเอกสารวิชาการสถาบันบัณฑิตพัฒนบริหารศาสตร์ ,^c2553 | |||
| 300 ^axiii, 616 หน้า ;^c26 ซม. | |||
| 650 4 ^aการอนุมานเชิงสถิติ | |||
| 650 4 ^aคณิตศาสตร์ | |||
| 650 4 ^aคณิตศาสตร์สถิติ | |||
| 650 4 ^aสถิติ | |||
| 710 2 ^aสถาบันบัณฑิตพัฒนบริหารศาสตร์.^bโครงการส่งเสริมและพัฒนาเอกสารวิชาการ | |||
| 999 ^aใช้งานได้ทุกระบบ | |||
| คุณยังไม่ได้ล็อกอิน คุณสามารถมีกิจกรรมร่วมกับเว็บไซต์ได้ แต่ต้องล็อกอินก่อน :: |
|
| สถานะ | |||||||||
| 1. | หนังสือทั่วไป สถานะ=หนังสือเก่า - บริการ ณ ห้องสมุด (ห้องเหลือง) | QA276 ป242ท 2553 | On Shelf ขอยืม | ||||||
| Note:ปีงบประมาณ 2555 | |||||||||
| 2. | หนังสือทั่วไป สถานะ=หนังสือเก่า - บริการ ณ ห้องสมุด (ห้องเหลือง) | QA276 ป242ท 2553 ฉ.2 | On Shelf ขอยืม | ||||||
| Note:ปีงบประมาณ 2555 | |||||||||
| 3. | หนังสือทั่วไป สถานะ=หนังสือเก่า - บริการ ณ ห้องสมุด (ห้องเหลือง) | QA276 ป242ท 2553 ฉ.3 | On Shelf ขอยืม | ||||||
| Note:ปีงบประมาณ 2555 | |||||||||
| 4. | หนังสือทั่วไป สถานะ=หนังสือเก่า - บริการ ณ ห้องสมุด (ห้องเหลือง) | QA276 ป242ท 2553 ฉ.4 | On Shelf ขอยืม | ||||||
| Note:ปีงบประมาณ 2555 | |||||||||
| 5. | หนังสือทั่วไป สถานะ=หนังสือเก่า - บริการ ณ ห้องสมุด (ห้องเหลือง) | QA276 ป242ท 2553 ฉ.5 | On Shelf ขอยืม | ||||||
| Note:ปีงบประมาณ 2555 | |||||||||
| [แสดง 5/5 รายการ] | |||||||||
BibComment |
| คอมเมนท์ทรัพยากรรายการนี้ |
|
|